|
|
|
|
| LEADER |
00000cam a2200000 4500 |
| 001 |
vtls012196013 |
| 003 |
SK-MaSNL |
| 005 |
20260301192326.0 |
| 008 |
230216s2022 xo a frn 000 0 slo |
| 015 |
|
|
|a SNBA2023/05
|
| 020 |
|
|
|a 9788089678112
|q (brožované)
|
| 040 |
|
|
|a SNK
|b slo
|c SNK
|e rda
|
| 041 |
0 |
|
|a slo
|
| 044 |
|
|
|a xo
|c SK
|
| 072 |
|
7 |
|a 616
|x Patológia. Klinická medicína
|2 konspekt
|
| 080 |
|
|
|a 616.833
|2 2001
|
| 080 |
|
|
|a 616.8-009
|2 2001
|
| 080 |
|
|
|a (048.8)
|2 2011
|
| 100 |
1 |
|
|a Matejčík, Viktor,
|d 1951-
|4 aut
|9 12959
|
| 245 |
1 |
0 |
|a Periférny autonómny nervový systém
|b morfologické a klinické aspekty
|c Viktor Matejčík, Roman Kuruc
|
| 264 |
|
1 |
|a Bratislava
|b AEPress
|c 2022
|
| 300 |
|
|
|a 142 strán
|b ilustrácie
|c 24 cm
|
| 336 |
|
|
|a text
|b txt
|2 rdacontent
|
| 337 |
|
|
|a bez média
|b n
|2 rdamedia
|
| 338 |
|
|
|a zväzok
|b nc
|2 rdacarrier
|
| 504 |
|
|
|a Obsahuje bibliografiu na strane 126-129
|
| 650 |
0 |
7 |
|a periférny nervový systém
|2 SNKPH
|9 108026
|
| 650 |
0 |
7 |
|a nervové poruchy
|2 SNKPH
|9 50846
|
| 650 |
0 |
7 |
|a Peripheral nervous system
|2 SNKPHeng
|9 319337
|
| 650 |
0 |
7 |
|a Nervous disorders
|2 SNKPHeng
|9 339514
|
| 655 |
|
7 |
|a štúdie
|2 SNKPH
|9 57033
|
| 655 |
|
7 |
|a Studies
|2 SNKPHeng
|9 265573
|
| 700 |
1 |
|
|a Kuruc, Roman,
|d 1970-
|4 aut
|9 483465
|
| 700 |
1 |
|
|a Francová, Anna
|4 ill
|9 570164
|
| 700 |
1 |
|
|a Rexa, Miroslav
|4 ill
|9 570165
|
| 852 |
|
|
|a Slovenská národná knižnica
|
| 919 |
|
|
|a 978-80-89678-11-2
|
| 954 |
|
|
|a odborná, vedecká literatúra pôvodná (slovenská)
|2 lita
|
| 958 |
|
|
|a NB
|
| 958 |
|
|
|a MI
|
| 999 |
|
|
|c 873913
|d 875843
|
| 952 |
|
|
|a SNK
|b SNK
|y PREZ
|7 0
|p 17A1518663
|o snkSC 200971
|i snk2023/2802
|8 0
|0 0
|1 0
|4 0
|d 2023-02-16
|l 0
|r 2025-10-23 00:00:00
|w 2026-02-24
|
| 952 |
|
|
|a SNK
|b SNK
|y VYP
|7 0
|p 17A1518662
|o snkSC 200971 D1
|i snk2023/2803
|8 0
|0 0
|1 0
|4 0
|d 2023-02-16
|l 0
|r 2026-02-24 05:50:56
|w 2026-02-24
|